000 00453nam a22001697a 4500
003 NUST
005 20220818143950.0
008 220818b ||||| |||| 00| 0 eng d
020 _a9781607855392
038 _aAzhar
082 _a158.3
_bMEN
100 _aChopra, Vineet
_998069
245 _aThe mentoring guide : helping mentors & mentees succeed
_cVineet Chopra;
260 _aUSA
_bMichigan Publishing
_c2019
300 _a130p
942 _2ddc
_cLC
999 _c591223
_d591223